Music Quiz

Random Music Quiz

The Pantaloon Quiz Stats

 Plays Quiz not verified by Sporcle

Support Sporcle.
Go Orange.
Score 0/285 Timer 10:00
0 Plays Today
Hint Answer % Correct
Your
100%
grandpa
100%
died
100%
when
100%
you
100%
were
100%
nine
100%
said
100%
he
100%
had
100%
lost
100%
his
100%
mind
100%
You
100%
have
100%
learned
100%
way
100%
too
100%
soon
100%
You
100%
the
100%
Pantaloon
100%
Now
100%
it's
100%
your
100%
to
100%
be
100%
alone
100%
Find
100%
a
100%
and
100%
build
100%
yourself
100%
a
100%
home
100%
You
100%
have
100%
learned
100%
way
100%
too
100%
soon
100%
That
100%
your
100%
dad
100%
is
100%
now
100%
the
100%
Pantaloon
100%
You
100%
You
100%
A
100%
your
100%
And
100%
your
100%
the
100%
you
100%
your
100%
mind
100%
too
100%
the
100%
and
100%
the
100%
the
100%
he
100%
to
100%
the
100%
the
100%
so
100%
his
100%
a
100%
now
100%
a
100%
now
100%
Is
100%
a
100%
the
100%
the
100%
the
100%
that
100%
his
100%
The
100%
soon
100%
is
100%
it
100%
too
100%
soon?
100%
way
100%
he
100%
he
100%
is
100%
a
100%
pantaloon
100%
You
100%
You
100%
A
100%
Hint Answer % Correct
your
100%
And
100%
your
100%
the
100%
you
100%
your
100%
mind
100%
You
100%
to
100%
alone
100%
it's
100%
you
100%
your
100%
is
100%
so
100%
to
100%
It's
100%
the
100%
it
100%
is
100%
Your
100%
your
100%
and
100%
your
100%
You
100%
You
100%
A
100%
your
100%
And
100%
your
100%
the
100%
you
100%
so
100%
your
100%
mind
100%
You
100%
You
100%
A
100%
your
100%
And
100%
your
100%
the
100%
you
100%
your
100%
mind
100%
They
94.4%
should
94.4%
never
94.4%
trust
94.4%
turn
94.4%
wife
94.4%
are
94.4%
tired
94.4%
are
94.4%
hurt
94.4%
moth
94.4%
ate
94.4%
through
94.4%
favorite
94.4%
shirt
94.4%
through
94.4%
are
94.4%
tired
94.4%
are
94.4%
hurt
94.4%
moth
94.4%
ate
94.4%
through
94.4%
favorite
94.4%
shirt
94.4%
at
94.4%
are
94.4%
are
94.4%
tired
94.4%
are
94.4%
hurt
94.4%
moth
94.4%
ate
94.4%
through
94.4%
favorite
94.4%
shirt
94.4%
they
94.4%
are
94.4%
tired
94.4%
are
94.4%
hurt
94.4%
moth
94.4%
ate
94.4%
through
94.4%
favorite
94.4%
shirt
94.4%
all
88.9%
friends
88.9%
all
88.9%
all
88.9%
Hint Answer % Correct
all
88.9%
friends
88.9%
all
88.9%
friends
88.9%
all
88.9%
friends
88.9%
fertilize
83.3%
ground
83.3%
walk
83.3%
Lose
83.3%
between
83.3%
Sun
83.3%
Moon
83.3%
in
83.3%
used
83.3%
of
83.3%
like
83.3%
in
83.3%
of
83.3%
bones
83.3%
Either
83.3%
fertilize
83.3%
ground
83.3%
walk
83.3%
Lose
83.3%
like
83.3%
used
83.3%
bones
83.3%
in
83.3%
bones
83.3%
fertilize
83.3%
ground
83.3%
walk
83.3%
lose
83.3%
fertilize
83.3%
ground
83.3%
walk
83.3%
lose
83.3%
many
77.8%
morning
77.8%
chair
77.8%
Because
77.8%
chair
77.8%
deny
77.8%
colder
77.8%
know
77.8%
'Cause
77.8%
colder
77.8%
morning
77.8%
seen
72.2%
stare
72.2%
downs
72.2%
air
72.2%
hustle
72.2%
people
72.2%
walking
72.2%
been
72.2%
tiny
72.2%
island
72.2%
sea
72.2%
people
72.2%
can't
72.2%
can't
72.2%
sleep
72.2%
than
72.2%
skin
72.2%
warmer
72.2%
than
72.2%
what
72.2%
night
72.2%
together
72.2%
by
72.2%
He's
66.7%
How
66.7%
fairgrounds
66.7%
He's
66.7%
long
66.7%
he's
66.7%
meaning
66.7%
made
66.7%
feeble
66.7%
come
66.7%
held
66.7%
around
61.1%
Who
61.1%
glide
61.1%
across
61.1%
surface
61.1%
enough
61.1%
but
61.1%
nightmares
61.1%
frights
61.1%
changed
55.6%
very
55.6%
end
55.6%

You're not logged in!

Compare scores with friends on all Sporcle quizzes.
OR
Log In

From the Vault

3x3 Word Puzzle

by Le_Badger

Who knew so few letters could make so many words?
Remove Ads.
Support Sporcle.
Get the best of Sporcle when you Go Orange. This ad-free experience offers more features, more stats, and more fun while also helping to support Sporcle. Thank you for becoming a member.

Show Comments

Extras

Created Dec 24, 2018ReportNominate
Tags:Remember

Top Quizzes Today


Score Distribution

Your Account Isn't Verified!

In order to create a playlist on Sporcle, you need to verify the email address you used during registration. Go to your Sporcle Settings to finish the process.

Report this User

Report this user for behavior that violates our Community Guidelines.

Details: